| 000 | 00741nam a22002177a 4500 | ||
|---|---|---|---|
| 005 | 20130711110158.0 | ||
| 010 | _aENG-107941 | ||
| 020 |
_c1995.00 _a9788180388507 |
||
| 035 | _aEN-91474 | ||
| 037 | _bDBAD/PUB | ||
| 100 | _aBanerjee, Bhagabati Prosad | ||
| 245 | 0 | 0 |
_aWrit remedies : _cby Bhagabati Prosad Banerjee, Bhaskar Prosad Banerjee [and] Sankar Prosad Banerjee _bRemediable rights under Public Law / |
| 250 | _a6th ed | ||
| 260 |
_aGurgaon _bLexis Nexis _c2013 |
||
| 270 |
_a14th Floor, Bldg. No.10, Tower-B, DLF Cyber City, Phase-II _bGurgaon _e122002 |
||
| 300 |
_acxx,1391p. _c26cm(Hb) |
||
| 500 | _aIncludes subject index | ||
| 700 | _aBanerjee, Bhaskar Prosad | ||
| 700 | _aBanerjee, Sankar Prosad | ||
| 942 |
_2ddc _cEN _mBAN |
||
| 999 |
_c77379 _d77379 |
||